Optical materials : an introduction to selection and application /

Bibliographic Details
Main Author: Musikant, Solomon
Format: Book
Language:English
Published: New York : Dekker, [1985]
Series:Optical engineering (Marcel Dekker, Inc.) ; v. 6.
Subjects:

MARC

Tag First Indicator Second Indicator Subfields
LEADER 00000cam a2200000 a 4500
001 in00000007368
005 20151005070025.0
008 841217s1985 nyua b 00110 eng
010 |a  84028704  
020 |a 0824773098 
035 |a (OCoLC)11574349 
035 |9 AAA1857AM 
040 |a DLC  |c DLC  |d m/c  |d TXA  |d UtOrBLW 
049 |a TXAM  |c [A12562463] 
050 0 0 |a QC374  |b .M87 1985 
082 0 |a 621.36  |2 19 
100 1 |a Musikant, Solomon. 
245 1 0 |a Optical materials :  |b an introduction to selection and application /  |c Solomon Musikant. 
264 1 |a New York :  |b Dekker,  |c [1985] 
264 4 |c ©1985 
300 |a xii, 257 pages :  |b illustrations ;  |c 24 cm. 
336 |a text  |b txt  |2 rdacontent 
337 |a unmediated  |b n  |2 rdamedia 
338 |a volume  |b nc  |2 rdacarrier 
490 1 |a Optical engineering ;  |v 6 
504 |a Includes bibliographies and index. 
650 0 |a Optical materials. 
830 0 |a Optical engineering (Marcel Dekker, Inc.) ;  |v v. 6. 
999 |a MARS 
999 f f |s a527dd85-04eb-3da1-bc65-4e1d22e0cead  |i fe3cdf61-8cf7-3442-9e48-01bb7addd676  |t 0 
952 f f |p normal  |a Texas A&M University  |b College Station  |c Sterling C. Evans Library  |d Evans: Library Stacks  |t 0  |e QC374 .M87 1985  |h Library of Congress classification  |i unmediated -- volume  |m A14812562463 
998 f f |a QC374 .M87 1985  |t 0  |l Evans: Library Stacks